Fr. Conceicao Rodrigues College of Engineering

Advanced Power builder 5 Techniques (Record no. 28113)

MARC details
000 -LEADER
fixed length control field 00328nam a2200145Ia 4500
082 ## - DEWEY DECIMAL CLASSIFICATION NUMBER
Classification number 5.2
Item number DEV
100 ## - MAIN ENTRY--PERSONAL NAME
Personal name Deyhimi D.D./ Mosley/David
245 ## - TITLE STATEMENT
Title Advanced Power builder 5 Techniques
260 ## - PUBLICATION, DISTRIBUTION, ETC.
Name of publisher, distributor, etc. John Wiley
Place of publication, distribution, etc. New york
Date of publication, distribution, etc. 1997
300 ## - PHYSICAL DESCRIPTION
Extent 875
546 ## - LANGUAGE NOTE
Language note ENGLISH
654 ## - SUBJECT ADDED ENTRY--FACETED TOPICAL TERMS
Focus term Computer
942 ## - ADDED ENTRY ELEMENTS (KOHA)
Koha item type BOOK
Holdings
Withdrawn status Lost status Damaged status Not for loan Collection Home library Current library Date acquired Total Checkouts Full call number Barcode Date last seen Price effective from Koha item type Shelving location
        CRC Fr. Agnel's C.Rodrigues College of Engineering Fr. Agnel's C.Rodrigues College of Engineering 17/03/2023   5.2 DEV 10025 17/03/2023 17/03/2023 BOOK  
        CRC Fr. Agnel's C.Rodrigues College of Engineering Fr. Agnel's C.Rodrigues College of Engineering 17/03/2023   9855 17/03/2023 17/03/2023 BOOK